000 00876nam a22002417a 4500
999 _c20564
_d20564
003 AR-CdUCM
008 190517b ||||| |||| 00| 0 spa d
040 _aMUNICIPALIDAD PROVINCIAL DEL CUSCO
_cBIBLIOTECA MUNICIPAL DEL CUSCO
082 _a940.55 /
_bR77
100 _aRojo, Vicente
_927677
245 _aEl mundo de la postguerra /
260 _aBuenos Aires :
_bMundo Atlántico,
_c1944.
300 _a235 páginas ;
_c21 cm.
505 _aContenido: La seguridad colectiva, por Vicente Rojo. Hacia un nuevo derecho civil, por Angel Ossorio. La endocrinología del porvenir, por Juan Cuatrecasas...
650 _aReconstrucción
_95638
650 _aGuerra
_91007
650 _aDerecho penal liberal
_940890
700 _aOssorio, Angel
_910915
700 _aGuatregasas, Juan
_942993
700 _aGerchunoff, Alberto
_929713
942 _2ddc
_cLIBROS
945 _arcc